Biblia hebraica / (Record no. 152089)

MARC details
000 -LEADER
campo de control de longitud fija 00956nam a2200241 4500
001 - NÚMERO DE CONTROL
campo de control 152089
003 - IDENTIFICADOR DE NÚMERO DE CONTROL
campo de control ES-MaACL
005 - FECHA Y HORA DE LA ÚLTIMA TRANSACCIÓN
campo de control 20230906204529.0
008 - DATOS DE LONGITUD FIJA--INFORMACIÓN GENERAL
campo de control de longitud fija 950314s1838 gw |||| | lat d
040 ## - FUENTE DE CATALOGACIÓN
Centro catalogador/agencia de origen EUS
Lengua de catalogación spa
Centro/agencia transcriptor EUS
130 0# - ENTRADA PRINCIPAL--TÍTULO UNIFORME
Título uniforme Biblia.
Lenguaje de la obra Hebreo.
9 (RLIN) 119284
245 10 - MENCIÓN DEL TÍTULO
Título Biblia hebraica /
Mención de responsabilidad, etc. ad optimas editiones inprimis Everardi van der Hooght ; ex recensione Aug. Hahnii expressa ; praefatus est Ern. Fr. Car. Rosenmüller.
250 ## - MENCION DE EDICION
Mención de edición Editio stereotypa denuo recognita.
260 ## - PUBLICACIÓN, DISTRIBUCIÓN, ETC.
Lugar de publicación, distribución, etc. Lipsiae :
Nombre del editor, distribuidor, etc. Sumtibus et typis Caroli Tauchnitii,
Fecha de publicación, distribución, etc. 1838 (
Fabricante Impresserunt Hetzger et Witting)
300 ## - DESCRIPCIÓN FÍSICA
Extensión VI, 1036 p. ;
Dimensiones 18 cm.
594 ## - Nota al título y mención de responsabilidad
Nota al título y mención de responsabilidad Texto bilingüe latín y hebreo, con pag. duplicada.
597 ## - NOTA DE DESCRIPCIÓN FÍSICA
NOTA DE DESCRIPCIÓN FÍSICA Texto latino a dos col.
597 ## - NOTA DE DESCRIPCIÓN FÍSICA
NOTA DE DESCRIPCIÓN FÍSICA Antep.
700 11 - ENTRADA AGREGADA--NOMBRE PERSONAL
Nombre de persona Hooght, Everard van der,
Término indicativo de función/relación
9 (RLIN) 128022
700 0# - ENTRADA AGREGADA--NOMBRE PERSONAL
Nombre de persona Rosenmüller, Ernst Friedrich Karl.
9 (RLIN) 99748
700 0# - ENTRADA AGREGADA--NOMBRE PERSONAL
Nombre de persona Hahn, Augustus.
9 (RLIN) 61467
852 ## - LOCALIZACIÓN
Ubicación ES-MaACL
Número de control de estantería D-1087
Nota libre -- Enc. pasta
Holdings
Estatus retirado Estado de pérdida Estado de daño No para préstamo Colección Biblioteca de origen Biblioteca actual Ubicación en estantería Fecha de adquisición Fuente de adquisición Total de préstamos Signatura topográfica completa Código de barras Visto por última vez Precio de reemplazo Tipo de ítem Koha
        Libros del s. XIX Biblioteca del Ateneo de Madrid Biblioteca del Ateneo de Madrid Sala Valle Inclán 17/01/2008     D-1087 901158758 23/02/2023 23/02/2023 Libro impreso antiguo